Catálogo
 En Linea

Léxico antológico de la esclavitud de los negros en Hispanoamérica / (Registro nro. 40147)

Detalles MARC
000 -CABECERA
campo de control de longitud fija 00564nam a2200169 a 4500
001 - NÚMERO DE CONTROL
campo de control 000040657
005 - FECHA Y HORA DE LA ÚLTIMA TRANSACCIÓN
campo de control 20201002034301.0
008 - DATOS DE LONGITUD FIJA--INFORMACIÓN GENERAL
campo de control de longitud fija 130904s2011 sp 000 0 spa d
020 ## - NÚMERO INTERNACIONAL ESTÁNDAR DEL LIBRO
Número Internacional Estándar del Libro 9788496045804
040 ## - FUENTE DE LA CATALOGACIÓN
Centro catalogador/agencia de origen DO-SdBNP
Lengua de catalogación spa
Centro/agencia transcriptor BNPHU
100 1# - ENTRADA PRINCIPAL--NOMBRE DE PERSONA
Nombre de persona Tardieu, Jean-Pierre
Fechas asociadas al nombre 1944-
9 (RLIN) 67020
245 10 - MENCIÓN DE TÍTULO
Título Léxico antológico de la esclavitud de los negros en Hispanoamérica /
Mención de responsabilidad, etc. Jean-Pierre Tardieu.
260 ## - PUBLICACIÓN, DISTRIBUCIÓN, ETC.
Lugar de publicación, distribución, etc. Madrid :
Nombre del editor, distribuidor, etc. Pliegos,
Fecha de publicación, distribución, etc. 2011.
300 ## - DESCRIPCIÓN FÍSICA
Extensión v. (275 p.) :
Otras características físicas ill. ;
Dimensiones 20 cm.
490 1# - MENCIÓN DE SERIE
Mención de serie Pliegos de ensayo ;
Designación de volumen o secuencia 225
830 #0 - PUNTO DE ACCESO ADICIONAL DE SERIE-TÍTULO UNIFORME
Título uniforme Pliegos de ensayo ;
Número de parte o sección de la obra 225
9 (RLIN) 67021
Existencias
Estado de retiro Estado de pérdida Restricciones de uso No para préstamo Código de colección Localización permanente Ubicación/localización actual Ubicación en estantería Fecha de adquisición Número de inventario Total de préstamos Signatura topográfica completa Código de barras Fecha visto por última vez Precio válido a partir de Tipo de ítem Koha
        Monografías: Libros y Folletos General General Orden iniciada 04.09.2013 LF1   40657-10 25.06.2020 25.06.2020 No se presta

Con tecnología Koha